Estatísticas para Países com maior numero de fumantes

Clique aqui para jogar o quiz

Estatísticas Gerais

  • Esse quiz foi jogado 122 vezes
  • A pontuação média é 32 de 40

Estatísticas das Respostas

%Resposta% Correto
15.1Brasil
98%
15.1Estados Unidos
98%
24.1China
95%
33.8Rússia
94%
23.3França
93%
21.9Alemanha
92%
16.3Canadá
91%
26.2Espanha
91%
13.3México
91%
19.5Japão
90%
18.6Portugal
90%
15.1Austrália
89%
10.7Índia
87%
14Suécia
86%
20.4Suiça
84%
20.9Holanda
83%
23.1Itália
83%
21.5Reino Unido
83%
19Finlândia
82%
20.5Bélgica
81%
22.9Coreia do Sul
81%
19Noruega
81%
13.8África do Sul
80%
18.1Nova Zelândia
80%
23.8Polónia
80%
20Dinamarca
79%
23.2Áustria
77%
31.9Grécia
77%
24.2Indonésia
75%
25.4Turquia
75%
26.5Hungria
73%
24.6República Checa
70%
28.9Chile
69%
19.5Eslováquia
69%
26.2Estónia
69%
14.3Islândia
68%
29Irlanda
65%
18.9Eslovénia
64%
18Luxemburgo
57%
18.6Israel
45%

Distribuição das Pontuações

Percentil de Números Respondidos

Porcentagem de Pessoas com Cada Pontuação

Sua Pontuação Histórica

Você não jogou esse quiz